Kiedy jesteście, mniej boli..

Titel: Kiedy jesteście, mniej boli.. : losy dzieci katyńskich / Teresa Kaczorowska
Verfasser:
Veröffentlicht: Gdynia : Gdyńska Oficyna Wydawniczwa ASP Rymsza, 2003
Umfang: 273 Seiten : Illustrationen
Format: Buch
Sprache: Polnisch
Schlagworte:
ISBN: 8391858014
Buchumschlag
X
alg: 39534597
001A    $01999:12-11-16 
001B    $01999:30-09-22 $t18:37:27.000 
001D    $03004:24-04-18 
001U    $0utf8 
001X    $00 
002@    $0Aau 
002C    $aText $btxt $2rdacontent 
002D    $aohne Hilfsmittel zu benutzen $bn $2rdamedia 
002E    $aBand $bnc $2rdacarrier 
003@    $0395345979 
003O    $052589734 $aOCoLC 
004A    $083-918580-1-4 
007A    $0395345979 $aHEB 
007T    $0Herdc0055611m 
010@    $apol 
010E    $erda 
011@    $a2003 
021A    $aKiedy jesteście, mniej boli.. $dlosy dzieci katyńskich $hTeresa Kaczorowska 
028A    $BVerfasser $4aut $D20220215 $Ecgwrk $71156430305 $8Kaczorowska, Teresa$Z1953- [Tp3] $9428609112 
033A    $pGdynia $nGdyńska Oficyna Wydawniczwa ASP Rymsza 
034D    $a273 Seiten 
034M    $aIllustrationen 
044K    $#Katyn' $#Katyń $#Katynė $74030043-2 $8Katyn [Tg1] $9085079650 
044K    $RLebensalter $#Children $#Enfants $#Bambini $#children $#Child $#Kinder $#Kind $#Kindheit $#Kindheit $#Kindesalter $#Kindschaft $#Kinder $74030550-8 $8Kind [Tsz] $908508090X 
045F    $a306.09438 $eDDC23BSB 
045F/01 $a306.09 
045F/03 $g438 
045R    $aGeschichte 1940-1950 

lok: 39534597 24

exp: 39534597 24 1 #EPN
201B/01 $025-07-18 $t09:17:32.000 
201C/01 $019-04-18 
201U/01 $0utf8 
203@/01 $01021287709 
208@/01 $a19-04-18 $bz 
209A/01 $a18.05470 $du $f050 $h18 05470 $x00 
209C/01 $a18.05470 G $h18 05470 G 
209G/01 $a73988233 $x00 
220C/01 $aho-sz 
247C/01 $8358050-7 Marburg, Bibliothek des Herder-Instituts Marburg $9102600961 

lok: 39534597 78

exp: 39534597 78 1 #EPN
201B/01 $014-11-17 $t23:20:06.000 
201U/01 $0utf8 
203@/01 $0791734102 
208@/01 $a12-11-16 $be 
209A/01 $a/ $f000 $x00 
220C/01 $aTitelaufnehmer: pg 
220C/01 $aHerkunft: HI Marburg 
244Z/01 $2Trx $#Poola $#Lenkija $#Polija $#Polen Land $#Poland $#Lengyelország $#Poľsko $#Polsko $8--Trx--Polska$gkraj $x01 $9391345966 
244Z/01 $#Katyn' $#Katyń $#Katynė $74030043-2 $8--Tg1--Katyn $x02 $9085079650 
244Z/01 $aGeschichte 1940-2006 $x03 
244Z/01 $2Trx $#mälestused $#atsiminimai $#Memoirs $#emlékezések $#wspomnienia $#spomienky $#vzpomínky $#memuaarid $#Memoiren $#pamiętniki $#pamäti $#paměti $8--Trx--Erinnerungen $x04 $9391357727 
244Z/01 $2Trx $#sõjaroimad $#karo nusikaltimai $#War crimes $#háborús büncselekmény $#zbrodnie wojenne $#zločiny vojnové $#zločiny válečné $8--Trx--Kriegsverbrechen $x05 $9391371371 
244Z/01 $2Trx $#ohvitserid $#karininkai $#Officers $#katonatisztek $#oficerowie $#dôstojníci $#důstojníci $#Heerführer $#velitelia vojenskí $#velitelé vojenští $8--Trx--Offiziere $x06 $939136779X 
244Z/01 $2Trx $#suhted, Nõukogude-Poola $#santykiai, Lenkijos ir Sovietų Sąjungos $#relations, Polish-Soviet $#kapcsolatok, lengyel-szovjet $#stosunki polsko-radzieckie $#vzťahy poľsko-sovietske $#vztahy polsko-sovětské $8--Trx--Beziehungen, polnisch-sowjetische $x07 $9391372939 
244Z/01 $2Trx $#maailmasõda, teine 1939-1945 $#Antrasis pasaulinis karas 1939-1945 $#World War, Second 1939-1945 $#világháború. második 1939-1945 $#wojna światowa, druga 1939-1945 $#vojna svetová II. 1939-1945 $#válka druhá světová 1939-1945 $#Zweiter Weltkrieg $8--Trx--Weltkrieg, Zweiter$g1939-1945 $x08 $939138239X 
244Z/01 $2Trx $8--Trx--Monographie $x09 $9391384546 
245Z/01 $a11.14 $x01 
247C/01 $82080>Marburg/Lahn, Herder-Institut, Forschungsbibliothek, Bibliographieportal $9336309341
LEADER 00000cam a2200000 c 4500
001 395345979
003 DE-603
005 20220930183727.0
007 tu
008 161112s2003 xx |||| | u00||u|pol c
020 |a 8391858014 
035 |a (DE-599)HEB395345979 
035 |a (OCoLC)52589734 
040 |a DE-603  |b ger  |c DE-603  |d DE-603  |e rda 
041 |a pol 
082 0 4 |8 1\u  |a 306.09438  |q DE-101  |2 23/BSB 
085 |8 1\u  |b 306.09 
085 |8 1\u  |z 2  |s 438 
100 1 |a Kaczorowska, Teresa  |d 1953-  |e Verfasser  |4 aut  |0 (DE-603)428609112  |0 (DE-588)1156430305  |2 gnd 
245 0 0 |a Kiedy jesteście, mniej boli..  |b losy dzieci katyńskich  |c Teresa Kaczorowska 
264 1 |a Gdynia  |b Gdyńska Oficyna Wydawniczwa ASP Rymsza  |c 2003 
300 |a 273 Seiten  |b Illustrationen 
336 |a Text  |b txt  |2 rdacontent 
337 |a ohne Hilfsmittel zu benutzen  |b n  |2 rdamedia 
338 |a Band  |b nc  |2 rdacarrier 
648 7 |a Geschichte 1940-1950  |2 gnd 
650 7 |a Kind  |0 (DE-588)4030550-8  |0 (DE-603)08508090X  |2 gnd 
651 7 |a Katyn  |0 (DE-588)4030043-2  |0 (DE-603)085079650  |2 gnd 
924 0 |9 Mb 50  |a (DE-603)1021287709  |b DE-Mb50  |c HES  |d c  |g 18.05470 
924 0 |9 2080  |a (DE-603)791734102  |b DE-2080  |c HES  |d d  |g /